MARC

LEADER 00000nam0a2200000 4500
001 284185
005 20231101235654.0
035 |a (RuTPU)RU\TPU\book\308324 
090 |a 284185 
100 |a 20150212d1984 m y0rusy5003 ca 
101 0 |a rus 
102 |a RU 
105 |a a j 000zy 
200 1 |a Монтаж осветительных электроустановок  |e учебное пособие  |f М. С. Живов 
205 |a 3-е изд., перераб. и доп. 
210 |a Москва  |c Высшая школа  |d 1984 
215 |a 176 с.  |c ил. 
225 1 |a Профессионально-техническое образование 
606 1 |a Электроосветительные установки  |x Монтаж  |2 stltpush  |3 (RuTPU)RU\TPU\subj\20634  |9 45724 
606 1 |a Электроосветительные приборы  |x монтаж  |2 stltpush  |3 (RuTPU)RU\TPU\subj\20629  |9 45721 
610 1 |a электроосветительные установки 
610 1 |a электрическая энергия 
610 1 |a распределение 
610 1 |a электромонтажные конструкции 
610 1 |a электромонтажные инструменты 
610 1 |a электропроводка 
610 1 |a оконцевание 
610 1 |a электрические провода 
610 1 |a шинопроводы 
610 1 |a кабельные линии 
610 1 |a электрическое напряжение 
610 1 |a учебные пособия 
675 |a 621.32.002(075.8)  |v 3 
700 1 |a Живов  |b М. С.  |g Михаил Семенович 
801 0 |a RU  |b RuMRKP  |c 19950704  |g psbo 
801 1 |a RU  |b 63413507  |c 20150212 
801 2 |a RU  |b 63413507  |c 20171020  |g RCR 
942 |c BK